000 00521ntaaa2200193 4500
003 01
005 20251027201253.0
008 0714s1973 ag 01
040 _aAR-BaBN
_bspa
_cAR-BaBN
_eaacr
_dRIC
082 _a220.93 W69
100 _aWilson, Edmund
245 _aScrolls from the Dead Sea /
_cEdmund Wilson
260 _aLondon :
_bCollins,
_c1955
300 _a127 p.
500 _aBAJA PATRIMONIAL POR OBSOLESCENCIA 20190301
650 _aArqueologia
_95159
650 _aRollos del Mar Muerto
_9204
942 _cBK
999 _c7069
_d7069